000 00432nmm a2200145Ia 4500
008 251105s9999||||xx |||||||||||||||||und||
041 _aspa
100 _aMartínez Gallego, Saray
245 0 _aFuego y cenizas
264 _a[Madrid, España] :
_bMedinaliber Hispánica,
_c2020
300 _a0 páginas
650 _aSelf-help and personal development
856 _uhttps://public.digitaliapublishing.com/a/100053
942 _cCF
999 _c106709
_d106709